<?xml version="1.0" encoding="UTF-8"?>
<collection xmlns="http://www.loc.gov/MARC21/slim">
<record>
  <controlfield tag="001">169399</controlfield>
  <controlfield tag="005">20260225153354.0</controlfield>
  <datafield tag="024" ind1="7" ind2=" ">
    <subfield code="2">doi</subfield>
    <subfield code="a">10.54988/cv.2026.1.1683</subfield>
  </datafield>
  <datafield tag="024" ind1="8" ind2=" ">
    <subfield code="2">sideral</subfield>
    <subfield code="a">148334</subfield>
  </datafield>
  <datafield tag="037" ind1=" " ind2=" ">
    <subfield code="a">ART-2026-148334</subfield>
  </datafield>
  <datafield tag="041" ind1=" " ind2=" ">
    <subfield code="a">spa</subfield>
  </datafield>
  <datafield tag="100" ind1=" " ind2=" ">
    <subfield code="a">González Sanz, Juan Diego</subfield>
  </datafield>
  <datafield tag="245" ind1=" " ind2=" ">
    <subfield code="a">Libro de Moodle y Flipped Learning. Una innovación docente interdisciplinar universitaria</subfield>
  </datafield>
  <datafield tag="260" ind1=" " ind2=" ">
    <subfield code="c">2026</subfield>
  </datafield>
  <datafield tag="520" ind1="3" ind2=" ">
    <subfield code="a">The general objetive of the study has been to describe the perceptions of university students regarding a teaching innovation based on the use of the Moodle “book” as a pedagogical tool, within a general approach of flipped Learning. This cross-sectional and mixed research, although  the quantitative results are presented, has allowed us to reach the conclusión that the methodology explored is well received by the students, since they consider it easy to implement and very advantageous to the time to consolidate knowledge. They also value very positively the position of the teacher as a guide and facilitator of feedback. With respect to tech Moodle “book” tool they consider it useful and easy to use. We  therefore understand that this combination of methodological strategy and resource is highly advisable to place students pursuing higher education at the center of their teaching and learning process.   El objetivo general del estudio consiste en describir las percepciones de los estudiantes universitarios sobre una innovación docente basada en el uso del “Libro” de Moodle como herramienta pedagógica, dentro de un enfoque general de Flipped Learning. Investigación, de corte transversal y mixta, de la que se presentan los resultados cuantitativos, permite concluir que la metodología explorada es bien acogida por el alumnado, ya que la consideran fácil de implementar y muy ventajosa a la hora de afianzar conocimientos. Valoran igualmente de manera muy positiva la posición del docente como guía y facilitador de feedback. Con respecto a la herramienta “Libro” de Moodle la consideran útil y fácil de manejar. Entendemos pues que esta combinación de estrategia metodológica y recurso es muy aconsejable para situar al alumnado que cursa estudios superiores en el centro de su proceso de enseñanza y aprendizaje.</subfield>
  </datafield>
  <datafield tag="506" ind1="0" ind2=" ">
    <subfield code="a">Access copy available to the general public</subfield>
    <subfield code="f">Unrestricted</subfield>
  </datafield>
  <datafield tag="540" ind1=" " ind2=" ">
    <subfield code="9">info:eu-repo/semantics/openAccess</subfield>
    <subfield code="a">by-nc</subfield>
    <subfield code="u">https://creativecommons.org/licenses/by-nc/4.0/deed.es</subfield>
  </datafield>
  <datafield tag="655" ind1=" " ind2="4">
    <subfield code="a">info:eu-repo/semantics/article</subfield>
    <subfield code="v">info:eu-repo/semantics/publishedVersion</subfield>
  </datafield>
  <datafield tag="700" ind1=" " ind2=" ">
    <subfield code="a">Triviño García, María Ángeles</subfield>
  </datafield>
  <datafield tag="700" ind1=" " ind2=" ">
    <subfield code="a">Mora Jaureguialde, Begoña</subfield>
  </datafield>
  <datafield tag="700" ind1=" " ind2=" ">
    <subfield code="a">Ruíz Palomino, Pablo</subfield>
  </datafield>
  <datafield tag="700" ind1=" " ind2=" ">
    <subfield code="a">Gómez Melgar, Sergio Jesús</subfield>
  </datafield>
  <datafield tag="700" ind1=" " ind2=" ">
    <subfield code="a">Urcola Pardo, Fernando</subfield>
    <subfield code="u">Universidad de Zaragoza</subfield>
    <subfield code="0">(orcid)0000-0001-7049-8295</subfield>
  </datafield>
  <datafield tag="710" ind1="2" ind2=" ">
    <subfield code="1">1006</subfield>
    <subfield code="2">255</subfield>
    <subfield code="a">Universidad de Zaragoza</subfield>
    <subfield code="b">Dpto. Fisiatría y Enfermería</subfield>
    <subfield code="c">Área Enfermería</subfield>
  </datafield>
  <datafield tag="773" ind1=" " ind2=" ">
    <subfield code="g">15, 1 (2026), 179-190</subfield>
    <subfield code="t">Campus Virtuales</subfield>
    <subfield code="x">2255-1514</subfield>
  </datafield>
  <datafield tag="856" ind1="4" ind2=" ">
    <subfield code="s">447810</subfield>
    <subfield code="u">http://zaguan.unizar.es/record/169399/files/texto_completo.pdf</subfield>
    <subfield code="y">Versión publicada</subfield>
  </datafield>
  <datafield tag="856" ind1="4" ind2=" ">
    <subfield code="s">2266097</subfield>
    <subfield code="u">http://zaguan.unizar.es/record/169399/files/texto_completo.jpg?subformat=icon</subfield>
    <subfield code="x">icon</subfield>
    <subfield code="y">Versión publicada</subfield>
  </datafield>
  <datafield tag="909" ind1="C" ind2="O">
    <subfield code="o">oai:zaguan.unizar.es:169399</subfield>
    <subfield code="p">articulos</subfield>
    <subfield code="p">driver</subfield>
  </datafield>
  <datafield tag="951" ind1=" " ind2=" ">
    <subfield code="a">2026-02-25-14:58:35</subfield>
  </datafield>
  <datafield tag="980" ind1=" " ind2=" ">
    <subfield code="a">ARTICLE</subfield>
  </datafield>
</record>
</collection>